| 000 | 00450nam a22001577a 4500 | ||
|---|---|---|---|
| 008 | 150923b xxu||||| |||| 00| 0 eng d | ||
| 020 | _a1256135895 | ||
| 050 | _aQA 154.3 .S85 2010 | ||
| 100 |
_aSullivan Michael. _d2010. |
||
| 245 |
_aIntermediate Algebra/ _cMichael Sullivan.- |
||
| 250 | _a2nd ed.: | ||
| 260 |
_aUnited States; _bPearson, _c2010. |
||
| 300 |
_axix,737p.:ill. _bincludes index, |
||
| 700 | _aKatherine R.Struve | ||
| 942 |
_2lcc _cBOOKS |
||
| 999 |
_c6317 _d6317 |
||